Macroeconomics. / (Record no. 8420)
[ view plain ]
| 000 -LEADER | |
|---|---|
| fixed length control field | 01489nam a22002417a 4500 |
| 003 - CONTROL NUMBER IDENTIFIER | |
| control field | OSt |
| 005 - DATE AND TIME OF LATEST TRANSACTION | |
| control field | 20220117165224.0 |
| 008 - FIXED-LENGTH DATA ELEMENTS--GENERAL INFORMATION | |
| fixed length control field | 140709b xxu||||| |||| 00| 0 eng d |
| 020 ## - INTERNATIONAL STANDARD BOOK NUMBER | |
| International Standard Book Number | 9781408043929 |
| 020 ## - INTERNATIONAL STANDARD BOOK NUMBER | |
| International Standard Book Number | 1408043920 |
| 040 ## - CATALOGING SOURCE | |
| Transcribing agency | LC |
| 050 ## - LIBRARY OF CONGRESS CALL NUMBER | |
| Classification number | HB172.5.M35 |
| 100 ## - MAIN ENTRY--PERSONAL NAME | |
| Personal name | Mankiw, Gregory N. |
| 245 ## - TITLE STATEMENT | |
| Title | Macroeconomics. / |
| Statement of responsibility, etc. | Gregory N. Mankiw, Mark P. Taylor |
| 250 ## - EDITION STATEMENT | |
| Edition statement | 2nd ed. |
| 260 ## - PUBLICATION, DISTRIBUTION, ETC. | |
| Place of publication, distribution, etc. | New York: |
| Name of publisher, distributor, etc. | South-Western, |
| Date of publication, distribution, etc. | 2011. |
| 300 ## - PHYSICAL DESCRIPTION | |
| Extent | xx, 505 p.: |
| Other physical details | il.; |
| 500 ## - GENERAL NOTE | |
| General note | Includes index and glossary. |
| 505 ## - FORMATTED CONTENTS NOTE | |
| Formatted contents note | Contents: Introduction: Ten principles of economics -- Thinking like an economist -- Interdependence and the gains from trade-- The market forces of supply and demand -- Elasticity and its application -- Consumers, producers, and the efficiency of markets -- Application: the costs of taxation -- Application: International trade -- Measuring a nation's income -- Measuring the cost of living -- Production and growth -- Saving, investment and the financial system -- The basic tools of finance -- Unemployment -- The monetary system -- Money growth and inflation -- Open-economy macroeconomics: Basic concepts -- A macroeconomic theory of the open economy -- Aggregate demand and aggregate supply -- The influence of monetary and fiscal policy on aggregate demand -- The short-run tradeoff between inflation and unemployment -- Five debates over macroeconomic policy. |
| 653 ## - INDEX TERM--UNCONTROLLED | |
| Uncontrolled term | Macroeconomics |
| 700 ## - ADDED ENTRY--PERSONAL NAME | |
| Fuller form of name | Taylor, Mark P. |
| 942 ## - ADDED ENTRY ELEMENTS (KOHA) | |
| Source of classification or shelving scheme | Library of Congress Classification |
| Koha item type | Books |
| Withdrawn status | Lost status | Source of classification or shelving scheme | Damaged status | Not for loan | Home library | Current library | Shelving location | Date acquired | Total Checkouts | Full call number | Barcode | Date last seen | Price effective from | Koha item type |
|---|---|---|---|---|---|---|---|---|---|---|---|---|---|---|
| Library of Congress Classification | WISCONSIN INTERNATIONAL UNIVERSITY COLLEGE, GHANA KUMASI LIBRARY | WISCONSIN INTERNATIONAL UNIVERSITY COLLEGE, GHANA KUMASI LIBRARY | General Stacks | 25/10/2019 | HB172.5.M35(2e) | K/595/595/19 | 17/01/2022 | 17/01/2022 | Books |
